000 02097nam a2200217Ia 4500
008 130821s2009 xxuab gr eng
020 _a9780813344348
040 _aCo-BoUCM
_bspa
041 0 0 _aeng
100 1 _aSarDesai, D. R.
_9165684
245 1 0 _aSoutheast Asia past and present
_cD.R. SarDesai
250 _a6th ed.
260 _aBoulder (Colorado, Estados Unidos)
_bWestview Press
_c2009
300 _a446 páginas
_bmapas
504 _aIncluye referencias bibliográficas e índice.
505 _aCultural heritage. -- The land and its people. -- Early kingdoms in mainland Southeast Asia. -- Early kingdoms of Sumatra and Java. -- The rise of new states : Ayuthaya, Majapahit, and Malacca. -- European intrusion in the Indian archipelago : the early phase. -- Mainland Southeast Asia : the consolidations of Myanmar, Thailand, and Vietnam. -- Part Two : Colonial interlude. -- The English and Dutch in the East Indies. -- British role in the Malay States in the nineteenth century. -- Pride and paramountcy : Anglo-Burmese relations in the nineteenth century. -- The French in Vietnam and Cambodia. -- Thailand remains independent. -- Paert Three : Nationalist response. -- Nationalist movements in Southeast Asia : general. -- Filipino urge for freedom from Spanish and U.S. rule. -- The nationalist movements : Indonesia. -- The Nationalist movements : Myanmar. -- Thailand's constitutional revolution. -- The Nationalist movements : Vietnam. -- The nationalist movements : Malaya, Cambodia, and Laos. -- Part Four : Fruits of freedom. -- Independent Philippines. -- Myanmar : toward integration and democracy. -- Thailand : independence at any price. -- Indonesia : unity amid diversity. -- East Timor : birth of a nation. -- Malaysia, Singapore, and Brunei. -- Nationalism and communism in Vietnam, Cambodia, and Laos. -- Vietnam and Cambodia under communism. -- Tsunami, cyclone, and terrorism in Southeast Asia.
650 0 4 _aHistoria de Asia
_926507
651 4 _aAsia
_xHistoria
_951665
942 _cLIBRO
_a21
_e6
_mS244s
_2DEWEY
_h959
999 _c63112
_d63112